| 000 -LEADER |
| fixed length control field |
01303cam a22003374a 4500 |
| 005 - DATE AND TIME OF LATEST TRANSACTION |
| control field |
20131029050336.0 |
| 008 - FIXED-LENGTH DATA ELEMENTS--GENERAL INFORMATION |
| fixed length control field |
040210s2004 cau b 001 0 eng |
| 020 ## - INTERNATIONAL STANDARD BOOK NUMBER |
| International Standard Book Number |
1851095942 |
| 020 ## - INTERNATIONAL STANDARD BOOK NUMBER |
| International Standard Book Number |
1851095993 |
| 041 0# - LANGUAGE CODE |
| Language code of text/sound track or separate title |
eng |
| 080 ## - UNIVERSAL DECIMAL CLASSIFICATION NUMBER |
| Universal Decimal Classification number |
327 |
| 100 1# - Rafti |
| Rafti |
Watson, Cynthia Ann. |
| 245 10 - TITLE STATEMENT |
| Title |
Nation-building : |
| Statement of responsibility, etc |
Cynthia A. Watson. |
| 260 ## - |
| -- |
Santa Barbara, Calif. : |
| -- |
ABC-CLIO, |
| -- |
c2004. |
| 300 ## - |
| -- |
xv, 333 p. ; |
| -- |
24 cm. |
| 440 #0 - |
| -- |
Contemporary world issues |
| 500 ## - |
| -- |
Foreword : f. XII-XV |
| 504 ## - BIBLIOGRAPHY, ETC. NOTE |
| Bibliography, etc |
Includes bibliographical references and index. |
| 650 #0 - |
| -- |
E drejta ndërkombëtare |
| 650 #0 - |
| -- |
Zhvillimi ekonomik |
| 650 #0 - |
| -- |
Forcat paqeruajtëse |
| 650 #0 - |
| -- |
Marrëdhënie ndërkombëtare |
| 650 #0 - |
| -- |
Ndërtimi i shtetit |
| 651 #0 - |
| -- |
United States |
| -- |
Marrëdhënie ndërkombëtare |
| -- |
1989- |
| 651 #0 - |
| -- |
United States |
| -- |
Marrëdhënie ndërkombëtare |
| -- |
1945-1989. |
| 651 #0 - |
| -- |
United States |
| -- |
Marrëdhënie ndërkombëtare |
| -- |
Vendet në zhvillim |
| 651 #0 - |
| -- |
Developing countries |
| -- |
Marrëdhënie ndërkombëtare |
| -- |
Shtetet e bashkuara |
| 856 42 - |
| -- |
Publisher description |
| -- |
http://www.loc.gov/catdir/description/abc051/2004003048.html |
| 856 41 - |
| -- |
Table of contents |
| -- |
http://www.loc.gov/catdir/toc/ecip0414/2004003048.html |
| 942 ## - ADDED ENTRY ELEMENTS (KOHA) |
| Source of classification or shelving scheme |
|
| Item type |
Books |